| 000 | 01280nam a2200313 a 4500 | ||
|---|---|---|---|
| 001 | 000013678 | ||
| 005 | 20240524204944.0 | ||
| 008 | 091127s1996 dr r 000 0 spa d | ||
| 020 | _a8492116102 | ||
| 040 |
_aDO-SdBNP _bspa _cBNPHU |
||
| 082 |
_a340.097293 _bL937a |
||
| 100 | 1 |
_aLuciano Pichardo, Rafael _931110 |
|
| 245 | 1 | 0 |
_aDe las astreintes y otros escritos / _cRafael Luciano Pichardo ; prólogo Juan Ml. Pellerano Gómez. |
| 260 |
_aSanto Domingo : _bCapeldom, _c1996. |
||
| 300 |
_axvii, 359 p. ; _c24 cm. |
||
| 490 | 1 |
_aDerecho _v13 |
|
| 504 | _aIncluye referencias bibliográficas y notas al pie de las páginas | ||
| 590 | _aInventariado, 2018/BT | ||
| 650 | 4 |
_aDerecho _zRepública Dominicana _xEnsayos, conferencias, etc. _931111 |
|
| 650 | 4 |
_aDerecho constitucional _zRepública Dominicana _xEnsayos, conferencias, etc. _931112 |
|
| 650 | 4 |
_aDerecho penal _zRepública Dominicana _xEnsayos, conferencias, etc. _931113 |
|
| 650 | 4 |
_aDerecho civil _xLegislación _99313 |
|
| 650 | 4 |
_aRecursos (derecho) _910249 |
|
| 651 | 4 |
_aRepública Dominicana _xCorte Suprema De Justicia _911865 |
|
| 650 | 0 |
_aDerecho bancario _97013 |
|
| 700 | 1 |
_aPellerano Gómez, Juan Ml., _epról. _911850 |
|
| 830 | 0 |
_aDerecho _n13 _931114 |
|
| 910 | _aValidado. Control de calidad. MMOLINA | ||
| 999 |
_c13292 _d13292 |
||